000 00475nam a22001817a 4500
003 OSt
005 20140311163158.0
008 140227t xxu||||| |||| 00| 0 eng d
020 _a9780328700929
050 _aPE 1119
_b.F716 [ca.2000]
100 _aForesman, Scott
_92517
245 _aReader's & Writer's Notebook /
260 _aUSA :
_bPearson Education Inc.,
_c200-.
300 _a246 p. :
_bill. ;
_c28 cm.
942 _2lcc
_cBK-TR
999 _c42427
_d42427